| 000 | 00654nam a2200145 a 4500 | ||
|---|---|---|---|
| 008 | 120416s1966 ||||||||||||||||| || u | ||
| 050 | _aTA 190 Pil | ||
| 100 | _aPilcher, Roy | ||
| 245 | 1 | 0 | _aPrinciples of construction management for engineers and managers |
| 260 |
_aLondon _bMcGraw-Hill _c1966 |
||
| 300 | _axii, 382p. : ill. | ||
| 350 | _a0.00 | ||
| 995 |
_aANNEX COLLECTION (Main Library) _D0.00 _e717530 _FCBU-MAIN LIBRARY (Kitwe) _H1 _I4.25 _jTA 190 Pil _M1 _UAVAILABLE _y014588 _ZAnnex Low-Usage Collection |
||
| 995 |
_aBINDERY (DAMAGED) _D0.00 _e718305 _FCBU-MAIN LIBRARY (Kitwe) _H2 _I4.25 _jTA 190 Pil _M2 _UDAMAGED _y014591 _ZMain Library Open Access Collection |
||
| 999 |
_c77305 _d77305 |
||